[Event "POL-chT U19 2nd League"]
[Site "Iwonicz"]
[Date "2016.07.31"]
[Round "7.62"]
[White "Radecki, Adam"]
[Black "Bakalarczyk, Jakub"]
[Result "1-0"]
[WhiteElo "1595"]
[BlackElo "1591"]
[PlyCount "105"]
[EventDate "2016.07.23"]
[EventType "team-swiss"]
[EventRounds "11"]
[EventCountry "POL"]
[SourceTitle "EXT 2019"]
[Source "ChessBase"]
[SourceDate "2018.10.10"]
[SourceVersion "1"]
[SourceVersionDate "2018.10.10"]
[SourceQuality "1"]
[WhiteTeam "Rydultowy Ognisko U19 II"]
[BlackTeam "Wielun UKS Piatka U19"]
[WhiteTeamCountry "POL"]
[BlackTeamCountry "POL"]

1. e4 c5 2. c3 e6 3. d4 cxd4 4. cxd4 Nf6 5. Bg5 Qa5+ 6. Qd2 Qxd2+ 7. Nxd2 Bb4 8. f3 Nc6 9. Be3 0-0 10. Rc1 a6 11. Ne2 b5 12. Kf2 Bb7 13. Nb3 Rac8 14. Nc3 Na5 15. Nxa5 Bxa5 16. Be2 d6 17. Bd3 Nd7 18. a3 d5 19. exd5 Bxd5 20. Nxd5 exd5 21. Bf5 Rxc1 22. Rxc1 Nb8 23. Bc8 Bb6 24. Ke2 Rd8 25. Kd3 a5 26. Bf4 Nd7 27. Bxd7 Rxd7 28. Rc8+ Rd8 29. Rc6 Ba7 30. Ra6 Rd7 31. Rxa5 Rb7 32. Bd6 f6 33. Kc3 Bb6 34. Ra8+ Kf7 35. Bc5 Bc7 36. Ra7 Rxa7 37. Bxa7 Ba5+ 38. Kb3 Ke6 39. a4 bxa4+ 40. Kxa4 Bc7 41. g3 Kd7 42. Kb5 h5 43. Kc5 Ke6 44. b4 h4 45. gxh4 Bd6+ 46. Kb5 Bxh2 47. Kc6 g6 48. b5 Bg3 49. b6 Bxh4 50. Bb8 Bf2 51. Kc5 Kd7 52. b7 g5 53. Bh2 1-0

[Event "POL-chT U19 2nd League"]
[Site "Iwonicz"]
[Date "2015.08.01"]
[Round "5.92"]
[White "Bakalarczyk, Jakub"]
[Black "Kedzierski, Marcin"]
[Result "1-0"]
[WhiteElo "1580"]
[BlackElo "1437"]
[PlyCount "75"]
[EventDate "2015.07.25"]
[EventType "team-swiss"]
[EventRounds "11"]
[EventCountry "POL"]
[SourceTitle "EXT 2019"]
[Source "ChessBase"]
[SourceDate "2018.10.10"]
[SourceVersion "1"]
[SourceVersionDate "2018.10.10"]
[SourceQuality "1"]
[WhiteTeam "Wielun UKS Piatka U19"]
[BlackTeam "Wloszakowice UKS ZSO U19"]
[WhiteTeamCountry "POL"]
[BlackTeamCountry "POL"]

1. d4 Nf6 2. c4 g6 3. Nc3 Bg7 4. Nf3 d6 5. g3 c6 6. Bg2 Nbd7 7. 0-0 0-0 8. e4 Ne8 9. h3 e5 10. Be3 f5 11. Qd2 fxe4 12. Nxe4 Ndf6 13. Nxf6+ Nxf6 14. dxe5 Ne4 15. Qb4 a5 16. Qb3 Bxh3 17. Qxb7 Bxg2 18. Kxg2 Qe8 19. Qb3 Bxe5 20. Nxe5 Qxe5 21. Bh6 Rfb8 22. Qf3 Rb7 23. Bf4 Qf5 24. Rfe1 Re8 25. Re2 d5 26. cxd5 cxd5 27. Qd3 g5 28. Be3 g4 29. Bf4 Qh5 30. Rh1 Qg6 31. Qxd5+ Qf7 32. Qxf7+ Rxf7 33. Rhe1 Rfe7 34. f3 gxf3+ 35. Kxf3 Rb7 36. b3 Ng5+ 37. Bxg5 Rf7+ 38. Bf4 1-0

[Event "POL-chT U19 2nd League"]
[Site "Iwonicz"]
[Date "2015.08.01"]
[Round "8.74"]
[White "Bakalarczyk, Jakub"]
[Black "Szarota, Milosz"]
[Result "1-0"]
[WhiteElo "1580"]
[BlackElo "1645"]
[PlyCount "125"]
[EventDate "2015.07.25"]
[EventType "team-swiss"]
[EventRounds "11"]
[EventCountry "POL"]
[SourceTitle "EXT 2019"]
[Source "ChessBase"]
[SourceDate "2018.10.10"]
[SourceVersion "1"]
[SourceVersionDate "2018.10.10"]
[SourceQuality "1"]
[WhiteTeam "Wielun UKS Piatka U19"]
[BlackTeam "Nowy Sacz Sandecja U19"]
[WhiteTeamCountry "POL"]
[BlackTeamCountry "POL"]

1. d4 Nf6 2. c4 e6 3. Nc3 Bb4 4. Qc2 0-0 5. Nf3 d6 6. Bg5 Nbd7 7. e3 h6 8. Bh4 Qe8 9. a3 Bxc3+ 10. Qxc3 c6 11. Be2 d5 12. 0-0 b6 13. cxd5 cxd5 14. Qc6 Rb8 15. Bg3 Bb7 16. Qa4 Ra8 17. Bd6 Nb8 18. Qb3 Ne4 19. Bxf8 Qxf8 20. Rfc1 Nc6 21. Bb5 Na5 22. Qd1 a6 23. Bd3 Qd6 24. b4 Nc6 25. b5 Na5 26. bxa6 Bxa6 27. Bxa6 Rxa6 28. Rc8+ Kh7 29. Qa4 Nf6 30. Ne5 Qe7 31. Qb4 Ra7 32. Qxe7 Rxe7 33. Rf8 Nd7 34. Rxf7 Rxf7 35. Nxf7 Nc6 36. Rb1 Kg6 37. Nd6 e5 38. dxe5 Ncxe5 39. Rb5 Nc4 40. Rxd5 Nxa3 41. Rd3 Nc2 42. Nc8 Nf6 43. Nxb6 Nb4 44. Rd6 Kf7 45. Rd1 Nc6 46. Nc4 Ne7 47. f3 Nfd5 48. Kf2 Nc3 49. Rd3 Ncd5 50. Nd6+ Ke6 51. Nb5 Nf6 52. e4 Ng6 53. Ke3 Ne5 54. Nd4+ Kf7 55. Rb3 Nc4+ 56. Ke2 Ne5 57. Rb7+ Kg6 58. Nf5 Nh5 59. Rb6+ Kh7 60. g3 Nf6 61. Rb7 Ned7 62. f4 Nc5 63. Rxg7+ 1-0

[Event "POL-ch U16"]
[Site "Karpacz"]
[Date "2015.03.20"]
[Round "7"]
[White "Bakalarczyk, Jakub"]
[Black "Wacior, Maciej"]
[Result "0-1"]
[WhiteElo "1602"]
[BlackElo "1997"]
[PlyCount "82"]
[EventDate "2015.03.15"]
[EventType "swiss"]
[EventRounds "9"]
[EventCountry "POL"]
[SourceTitle "EXT 2017"]
[Source "ChessBase"]
[SourceDate "2016.10.25"]
[SourceVersion "1"]
[SourceVersionDate "2016.10.25"]
[SourceQuality "1"]

1. d4 Nf6 2. c4 g6 3. Nc3 Bg7 4. Nf3 d6 5. g3 0-0 6. Bg2 Nc6 7. 0-0 Bg4 8. h3 Bxf3 9. Bxf3 Nd7 10. e3 e5 11. Bg2 exd4 12. exd4 Nxd4 13. Bxb7 Rb8 14. Bg2 c5 15. Ne2 Nb6 16. Nxd4 Bxd4 17. Qc2 Qf6 18. Rb1 Rfe8 19. b3 Re6 20. Be3 Bxe3 21. fxe3 Qg5 22. Qf2 Qxe3 23. Kh2 Qxf2 24. Rxf2 Rbe8 25. Bc6 Re2 26. Rb2 Rxb2 27. Rxb2 Re6 28. Kg2 Kf8 29. Kf2 Ke7 30. Rd2 a5 31. a3 Kd8 32. Bd5 Nxd5 33. Rxd5 Kc7 34. b4 axb4 35. axb4 cxb4 36. Rb5 Kc6 37. Rxb4 Kc5 38. Ra4 h5 39. Kf3 Re1 40. g4 hxg4+ 41. hxg4 f6 0-1

[Event "POL-ch U16"]
[Site "Karpacz"]
[Date "2015.03.19"]
[Round "6"]
[White "Domanski, Lukasz"]
[Black "Bakalarczyk, Jakub"]
[Result "1-0"]
[WhiteElo "1974"]
[BlackElo "1602"]
[PlyCount "51"]
[EventDate "2015.03.15"]
[EventType "swiss"]
[EventRounds "9"]
[EventCountry "POL"]
[SourceTitle "EXT 2017"]
[Source "ChessBase"]
[SourceDate "2016.10.25"]
[SourceVersion "1"]
[SourceVersionDate "2016.10.25"]
[SourceQuality "1"]

1. e4 c6 2. c4 d5 3. exd5 cxd5 4. cxd5 Qxd5 5. Nc3 Qa5 6. d4 Nf6 7. Nf3 g6 8. Bc4 Bg7 9. Ne5 e6 10. 0-0 0-0 11. Qf3 Qc7 12. b3 Nc6 13. Nb5 Nxe5 14. dxe5 Qxe5 15. Bf4 Qe4 16. Nc7 Qxf3 17. gxf3 Nd5 18. Bxd5 exd5 19. Nxa8 Bh3 20. Nc7 Bxf1 21. Rxf1 d4 22. Rd1 Rd8 23. Nb5 a6 24. Nd6 b5 25. Ne4 f5 26. Nc5 1-0

[Event "POL-ch U16"]
[Site "Karpacz"]
[Date "2015.03.17"]
[Round "3"]
[White "Bakalarczyk, Jakub"]
[Black "Oleszek, Maciej"]
[Result "1-0"]
[WhiteElo "1602"]
[BlackElo "1788"]
[PlyCount "56"]
[EventDate "2015.03.15"]
[EventType "swiss"]
[EventRounds "9"]
[EventCountry "POL"]
[SourceTitle "EXT 2017"]
[Source "ChessBase"]
[SourceDate "2016.10.25"]
[SourceVersion "1"]
[SourceVersionDate "2016.10.25"]
[SourceQuality "1"]

1. d4 d5 2. c4 e6 3. Nc3 Nf6 4. Nf3 c6 5. Bg5 Be7 6. e3 Nbd7 7. Qc2 0-0 8. Bd3 h6 9. Bh4 dxc4 10. Bxc4 b5 11. Bd3 Bb7 12. 0-0 a6 13. Rfd1 Re8 14. Rac1 Qb6 15. Ne4 Nxe4 16. Bxe7 Rxe7 17. Bxe4 Rc8 18. b4 a5 19. a3 Nf6 20. Bd3 axb4 21. axb4 Nd5 22. Qb3 Ra8 23. Be4 Nf6 24. Nd2 e5 25. dxe5 Rxe5 26. Bf3 Qc7 27. Qc3 Rc8 28. Nb3 Nd7 1-0

[Event "POL Olympiad U14"]
[Site "Spala"]
[Date "2014.12.30"]
[Round "1.19"]
[White "Bakalarczyk, Jakub"]
[Black "Szmer, Aleksander"]
[Result "0-1"]
[WhiteElo "1442"]
[BlackElo "1732"]
[PlyCount "31"]
[EventDate "2014.04.06"]
[EventType "swiss"]
[EventRounds "9"]
[EventCountry "POL"]
[SourceTitle "EXT 2023"]
[Source "ChessBase"]
[SourceDate "2022.10.05"]
[SourceVersion "1"]
[SourceVersionDate "2022.10.05"]
[SourceQuality "1"]

1. d4 Nf6 2. c4 e5 3. e3 exd4 4. exd4 d5 5. Nc3 Bb4 6. Bg5 Qe7+ 7. Qe2 Qxe2+ 8. Bxe2 Ne4 9. Bd2 Nxd2 10. Kxd2 Nc6 11. Nf3 Bg4 12. Rhe1 0-0-0 13. Ne5 Nxe5 14. dxe5 Bxe2 15. Rxe2 d4 16. a3 0-1

[Event "POL-chT U19 2nd League"]
[Site "Szczyrk"]
[Date "2014.07.26"]
[Round "2.46"]
[White "Bakalarczyk, Jakub"]
[Black "Gawor, Jan Pawel"]
[Result "1-0"]
[WhiteElo "1457"]
[BlackElo "1551"]
[PlyCount "187"]
[EventDate "2014.07.25"]
[EventType "team-swiss"]
[EventRounds "11"]
[EventCountry "POL"]
[SourceTitle "EXT 2015"]
[Source "ChessBase"]
[SourceDate "2014.11.20"]
[SourceVersion "1"]
[SourceVersionDate "2014.11.20"]
[SourceQuality "1"]
[WhiteTeam "Wielun UKS Piatka U19"]
[BlackTeam "Wieliczka MKS MOS U19"]
[WhiteTeamCountry "POL"]
[BlackTeamCountry "POL"]

1. d4 Nf6 2. c4 c5 3. e3 e6 4. Nc3 cxd4 5. exd4 d5 6. Nf3 Nc6 7. a3 a5 8. Bg5 Be7 9. Rc1 h6 10. Bh4 0-0 11. Be2 b6 12. cxd5 exd5 13. 0-0 Be6 14. Qa4 Na7 15. Ne5 Rc8 16. Bg3 Qe8 17. Qxe8 Rfxe8 18. Ba6 Rcd8 19. Nb5 Nxb5 20. Bxb5 Rf8 21. Nc6 Rde8 22. Nxe7+ Rxe7 23. Bd6 Ra7 24. Bxf8 Kxf8 25. Rc6 Rb7 26. Ba6 Rb8 27. Rfc1 Bd7 28. Rc7 Ra8 29. Bc8 Ba4 30. Bb7 Ra7 31. Rc8+ Ke7 32. Bc6 Bxc6 33. R8xc6 Nd7 34. Re1+ Kd8 35. Rd6 Kc7 36. Rxd5 Kc6 37. Rf5 Nf6 38. Rc1+ Kd6 39. d5 Kd7 40. Rf3 b5 41. Rd3 b4 42. Rb3 bxa3 43. Rxa3 a4 44. b3 Nxd5 45. bxa4 Ra5 46. Rb1 Kc6 47. Rb5 Ra6 48. g3 g5 49. Rd3 Nc7 50. Rf5 Rxa4 51. Rc3+ Kb6 52. Rxf7 Ra1+ 53. Kg2 Nd5 54. Rd3 Nb4 55. Rd6+ Kc5 56. Rxh6 g4 57. Rf4 Nd3 58. Rh5+ Kc6 59. Rf6+ Kd7 60. Rh7+ Ke8 61. Rg6 Ne1+ 62. Kf1 Nf3+ 63. Ke2 Re1+ 64. Kd3 Ne5+ 65. Kd2 Nf3+ 66. Kc3 Kf8 67. Rgg7 Rc1+ 68. Kb2 Re1 69. Ra7 Kg8 70. Rhb7 Re2+ 71. Kc3 Re8 72. Rg7+ Kh8 73. Rh7+ Kg8 74. Rag7+ Kf8 75. Rxg4 Rc8+ 76. Rc4 Rd8 77. Rh8+ Ke7 78. Rxd8 Kxd8 79. h4 Ke7 80. h5 Ne5 81. Re4 Kf6 82. Rxe5 Kxe5 83. g4 Kf6 84. f4 Kg7 85. g5 Kh7 86. f5 Kg7 87. h6+ Kh7 88. f6 Kg6 89. Kd4 Kf7 90. Ke5 Kg6 91. Ke6 Kh7 92. Ke7 Kg8 93. f7+ Kh7 94. f8Q 1-0